| 000 | 00376nam a22001577a 4500 | ||
|---|---|---|---|
| 003 | SGT | ||
| 082 |
_a615.53 _bS15A |
||
| 100 | _aAACHARYA, SHREE RAM SHARMA | ||
| 245 | _aSODASH SANSKAR VIVECHANA-33 | ||
| 250 | _a1ST | ||
| 260 |
_aMATHURA _b AAKHAND JYOTI SANSTHAN _c2015 |
||
| 300 | _a368 | ||
| 650 | _aAYURVEDA | ||
| 653 | _aSODASH, SANSKAR, VIVECHANA | ||
| 942 |
_2ddc _cRARE |
||
| 999 |
_c25500 _d25500 |
||